000 01145nam a22003377a 4500
003 CHAP
005 20220329143458.0
008 091218s1991 us a r 00010 eng d
010 _a97254
011 _a98226
020 _a0673534898
035 _a108910
040 _cCHAP
082 0 4 _a510
_bM61
100 0 0 _aMiller, Charles D.
_975744
245 1 0 _aBasic college mathematics :
_ba text workbook
_c/por Charles D. Miller, Stanley A. Salzman and Margaret L. Lial
250 _a3 ed
260 _aNew York :
_bHarper Collins,
_c1991
300 _a740 p. :
_bilus.
590 _aBATCH-UPD
_b10
_c20130110
_lUCH01
_h1019
590 _aBATCH-UPD
_b10
_c20130410
_lUCH01
_h0625
590 _aBATCH-UPD
_b10
_c20130914
_lUCH01
_h1724
590 _aCONVERSION
_b10
_c20130109
_lUCH01
_h1354
650 1 4 _aMatemáticas.
_972901
700 0 _aLial, Margaret L.
_966613
901 _aBK
942 _cLIBRO
949 _a510 M61
_bBC
_cLIBRO
_d33724002136835
_eLIBRO
_fc.3
_h113225
_i108910
_sb
949 _a510 M61
_bBC
_cLIBRO
_d33724002137074
_eLIBRO
_gI.c/e
_h111552
_i108910
_sb
949 _a510 M61
_bBC
_cLIBRO
_d33724002138280
_eLIBRO
_fc.2
_h113185
_i108910
_sb
999 _c97254
_d97254